LIBRARY & INFORMATION CENTRE, KCAET, TAVANUR

ONLINE PUBLIC ACCESS CATALOGUE (OPAC)

Worked examples in applied mechanics / (Record no. 1950)

MARC details
000 -LEADER
fixed length control field 00459cam a2200181ua 4500
041 ## - LANGUAGE CODE
Language code of text/sound track or separate title eng
082 ## - DEWEY DECIMAL CLASSIFICATION NUMBER
Classification number 620.1
Item number DUR/WO
100 ## - MAIN ENTRY--AUTHOR NAME
Personal name Dueney, W C .
245 ## - TITLE STATEMENT
Title Worked examples in applied mechanics /
250 ## - EDITION STATEMENT
Edition statement 1 /
260 ## - PUBLICATION, DISTRIBUTION, ETC. (IMPRINT)
Place of publication London :
Name of publisher Sir Isaac Pitman & Sons Ltd ,
Year of publication 1959.
300 ## - PHYSICAL DESCRIPTION
Number of Pages 250 ; .
942 ## - ADDED ENTRY ELEMENTS (KOHA)
Koha item type Books
Holdings
Withdrawn status Lost status Damaged status Home library Current library Date acquired Full call number Accession Number Koha item type
      KAUAET KAUAET 07/04/2012 620.1DUE/WO 3722 Books
free website counter